[Event "Havana Province-ch sf (Women)"]
[Site "Havana"]
[Date "2009.09.24"]
[Round "6"]
[White "Rodriguez Alfonso, Lianet"]
[Black "Cabrera Rosell, Iza Mirella"]
[Result "1/2-1/2"]
[WhiteElo "1888"]
[BlackElo "1901"]
[PlyCount "26"]
[EventDate "2009.09.19"]
[EventType "swiss"]
[EventRounds "9"]
[EventCountry "CUB"]
[EventCategory "1"]
[SourceTitle "EXT 2012"]
[Source "ChessBase"]
[SourceDate "2011.11.24"]
[SourceVersion "1"]
[SourceVersionDate "2011.11.24"]
[SourceQuality "1"]

1. e4 e5 2. Nf3 Nf6 3. Nxe5 d6 4. Nf3 Nxe4 5. Qe2 Qe7 6. d3 Nf6 7. Bg5 Qxe2+ 8. Bxe2 Be7 9. 0-0 0-0 10. Re1 Nbd7 11. Nd4 Re8 12. Nf5 Bf8 13. Nc3 Re5 1/2-1/2

[Event "Havana-ch U20 Girls"]
[Site "Havana"]
[Date "2009.07.04"]
[Round "5"]
[White "Cabrera Rosell, Iza Mirella"]
[Black "Romero Nunez, Wendy"]
[Result "0-1"]
[WhiteElo "1899"]
[BlackElo "2050"]
[PlyCount "96"]
[EventDate "2009.06.29"]
[EventType "tourn"]
[EventRounds "9"]
[EventCountry "CUB"]
[EventCategory "1"]
[SourceTitle "EXT 2012"]
[Source "ChessBase"]
[SourceDate "2011.11.24"]
[SourceVersion "1"]
[SourceVersionDate "2011.11.24"]
[SourceQuality "1"]

1. e4 c5 2. Nc3 a6 3. g3 b5 4. Bg2 Bb7 5. f4 e6 6. Nf3 d6 7. d3 Be7 8. 0-0 Nf6 9. h3 d5 10. exd5 exd5 11. Re1 0-0 12. Re2 Nc6 13. Qe1 Re8 14. Bd2 Rc8 15. Nd1 Qc7 16. Be3 d4 17. Bd2 Bd6 18. Nf2 Rxe2 19. Qxe2 Re8 20. Ne4 Nd5 21. Qf2 Bf8 22. Re1 h6 23. f5 f6 24. Re2 Qd7 25. g4 Ne5 26. Nxe5 Rxe5 27. Bxh6 gxh6 28. Nxf6+ Nxf6 29. Rxe5 Bc8 30. Qh4 Qg7 31. Qe1 Kh7 32. Re2 Bd6 33. Kh1 Qg5 34. Qf2 h5 35. Bf3 hxg4 36. hxg4 Nxg4 37. Qg2 Qc1+ 38. Qg1 Qh6+ 39. Kg2 Ne3+ 40. Rxe3 Qg5+ 41. Kf1 Qxg1+ 42. Kxg1 dxe3 43. Be4 Kg7 44. Kg2 Bf4 45. Kf3 Kf6 46. a3 Bxf5 47. Bb7 Bg4+ 48. Kxg4 e2 0-1